| 000 | 01590nam a22003617a 4500 | ||
|---|---|---|---|
| 003 | CHAP | ||
| 005 | 20220329135713.0 | ||
| 008 | 971013s1993 r 10010 d | ||
| 010 | _a40826 | ||
| 011 | _a41798 | ||
| 035 | _a45924 | ||
| 040 | _cCHAP | ||
| 082 |
_a634.9 _bS44 1993 |
||
| 111 | 0 | 0 |
_aSeminario Centroamericano y del Caribe sobre Agroforestería y Rumiantes Menores ( _n2 _d: 1993 _c: San José, C.R.) _9103998 |
| 245 | _aMemorias | ||
| 260 |
_aTurrialba, CATIE, _c1993 |
||
| 300 | _a3 v. | ||
| 500 | _aAlimentación, fabricación de quesos | ||
| 505 | _aContenido: v.1 Conferencias magistrales agroforestería, identificación y caracterización de leñosas forrajeras. -- v.2 Leñosas forrajeras : respuesta animal agronomía, praderas naturales y sotobosques . -- v.3 Sistemas de producción evaluaciones | ||
| 590 |
_aBATCH-UPD _b10 _c20130110 _lUCH01 _h1030 |
||
| 590 |
_aBATCH-UPD _b10 _c20130410 _lUCH01 _h0633 |
||
| 590 |
_aBATCH-UPD _b10 _c20130913 _lUCH01 _h2206 |
||
| 590 |
_aCONVERSION _b10 _c20130109 _lUCH01 _h1323 |
||
| 650 | 1 | 4 |
_aAgricultura y ganadería. _92074 |
| 650 | 1 | 4 |
_aAgroforestería. _92156 |
| 650 | 1 | 4 |
_aGanado cabrío. _944988 |
| 710 | 0 |
_aRed Centroamericana y del Caribe sobre Agroforestería y Rumiantes Menores. _995341 |
|
| 901 | _aBK | ||
| 942 | _cLIBRO | ||
| 949 |
_a634.9 S44 1993 _bBC _cLIBRO _d33724000000592 _eLIBRO _fv.3 _gI.177618 _h88608 _i45924 _si |
||
| 949 |
_a634.9 S44 1993 _bBC _cLIBRO _d33724000000600 _eLIBRO _fv.2 _gI.177218 _h88607 _i45924 _si |
||
| 949 |
_a634.9 S44 1993 _bBC _cLIBRO _d33724000000865 _eLIBRO _fv.1 _gI.177618 _h88606 _i45924 _si |
||
| 999 |
_c40826 _d40826 |
||